00704nam a2200193 a 450000100100000000500170001000800410002702000150006804000250008308200180010810000290012624501320015526000400028730000210032750400730034865000240042165000390044565000260048400000611120250721105519.0090826s2006 dr 000 0 spa d a9993473359 aDO-SdBNPbspacBNPHU a352.14bC389g1 aCedeño, Sergio,d1957-13aLa gestión municipal :bcómo dirigir exitosamente un ayuntamiento /cSergio Cedeño ; presentación Amable Aristy Castro. aSanto Domingo :bDe Colores,c2006. a149 p. ;c22 cm. aIncluye referencias bibliográficas y notas al pie de las páginas 0aGobierno municipal  4aMunicipioszRepública Dominicana 4aServicios municipales